2.251 al 2.300. Decretos leyes dictados por la Junta de Gobierno de la República de Chile

Gorde:
Xehetasun bibliografikoak
Formatua: Liburua
Hizkuntza:gaztelania
Argitaratua: Santiago Jurídica de Chile 1978
Saila:Textos Legales, 54
Gaiak:
Etiketak: Etiketa erantsi
Etiketarik gabe, Izan zaitez lehena erregistro honi etiketa jartzen!

MARC

LEADER 00000nam a2200000 a 4500
001 UCR0877
003 CL-VaPUC
008 971205e19780000CL |||||||||||||||||spa|d
082 0 4 |a 348.022  |b DEC  |2 21 
245 1 0 |a 2.251 al 2.300. Decretos leyes dictados por la Junta de Gobierno de la República de Chile 
300 |a 109 p 
942 |c BK 
945 |d 19971205 00:00:00  |a lriquelm 
260 |a Santiago  |b Jurídica de Chile  |c 1978 
650 7 |a LEGISLACION  |2 CL-VaPUC  |9 397409 
650 7 |a FUENTES  |2 CL-VaPUC  |9 255666 
650 7 |a DERECHO CHILENO  |2 CL-VaPUC  |9 397410 
650 7 |a DECRETO LEY  |2 CL-VaPUC  |9 382553 
651 7 |a CHILE  |2 CL-VaPUC  |9 397411 
583 |a last modification  |c 19971205 00:00:00  |k Rodrigo Vera 
490 0 |a Textos Legales, 54 
999 |c 264375  |d 264373